|
|
|
|
| LEADER |
04506nam a22005535i 4500 |
| 001 |
978-3-319-48829-5 |
| 003 |
DE-He213 |
| 005 |
20161007173152.0 |
| 007 |
cr nn 008mamaa |
| 008 |
161007s2017 gw | s |||| 0|eng d |
| 020 |
|
|
|a 9783319488295
|9 978-3-319-48829-5
|
| 024 |
7 |
|
|a 10.1007/978-3-319-48829-5
|2 doi
|
| 040 |
|
|
|d GrThAP
|
| 050 |
|
4 |
|a Q342
|
| 072 |
|
7 |
|a UYQ
|2 bicssc
|
| 072 |
|
7 |
|a COM004000
|2 bisacsh
|
| 082 |
0 |
4 |
|a 006.3
|2 23
|
| 245 |
1 |
0 |
|a Intelligent Distributed Computing X
|h [electronic resource] :
|b Proceedings of the 10th International Symposium on Intelligent Distributed Computing – IDC 2016, Paris, France, October 10-12 2016 /
|c edited by Costin Badica, Amal El Fallah Seghrouchni, Aurélie Beynier, David Camacho, Cédric Herpson, Koen Hindriks, Paulo Novais.
|
| 264 |
|
1 |
|a Cham :
|b Springer International Publishing :
|b Imprint: Springer,
|c 2017.
|
| 300 |
|
|
|a XIII, 248 p. 68 illus.
|b online resource.
|
| 336 |
|
|
|a text
|b txt
|2 rdacontent
|
| 337 |
|
|
|a computer
|b c
|2 rdamedia
|
| 338 |
|
|
|a online resource
|b cr
|2 rdacarrier
|
| 347 |
|
|
|a text file
|b PDF
|2 rda
|
| 490 |
1 |
|
|a Studies in Computational Intelligence,
|x 1860-949X ;
|v 678
|
| 505 |
0 |
|
|a Adaptive Scaling Up/Down for Elastic Clouds.-A Dynamic Model to enhance the Distributed Discovery of SWs in P2P Overlay Networks -- Simulation of Dynamic Systems Using BDI Agents: Initial Steps.-A Multi-Agent Middleware for the Deployment of Distributed Applications in Smart Environments -- A Guidance of Ambient Agents Adapted to Opportunistic Situations Extended Context Patterns – A Visual Language for Context-Aware Applications.-MDE4IoT: Supporting the Internet of Things with Model-Driven Engineering.-Detection of traffic anomalies in multi-service networks based on a fuzzy logical inference.-Reconfiguration of RBAC schemes by genetic algorithms.-String-based Malware Detection for Android Environments -- Optimal Configuration Model of a Fleet of Unmanned Vehicles for Interoperable Missions .-Spatial Tuples: Augmenting Physical Reality with Tuple Spaces -- Exploring unknown environments with multi-modal locomotion swarm -- Group Trust: Finding Trust-based Group Structures in Social Communities -- Non-intrusive Monitoring of Attentional Behavior in Teams -- A Speculative Computation Approach for Conflict Styles Assessment with Incomplete Information -- Forming Classes in an e-Learning Social Network Scenario.-Scheduling Optimization in Grid with VO Stakeholders’ Preferences -- On the Application of Bio-inspired Heuristics for Network Routing with Multiple QoS Constraints.-Dealing with the Best Attachment Problem via Heuristics.-Towards Collaborative Sensing using Dynamic Intelligent Virtual Sensors .-Intelligent Data Metrics for Urban Driving with Data Fusion and Distributed Machine Learning.-A Probabilistic Sample Matchmaking Strategy for Imbalanced Data Streams with Concept.-Author Index. .
|
| 520 |
|
|
|a This book presents the combined peer-reviewed proceedings of the tenth International Symposium on Intelligent Distributed Computing (IDC’2016), which was held in Paris, France from October 10th to 12th, 2016. The 23 contributions address a range of topics related to theory and application of intelligent distributed computing, including: Intelligent Distributed Agent-Based Systems, Ambient Intelligence and Social Networks, Computational Sustainability, Intelligent Distributed Knowledge Representation and Processing, Smart Networks, Networked Intelligence and Intelligent Distributed Applications, amongst others.
|
| 650 |
|
0 |
|a Engineering.
|
| 650 |
|
0 |
|a Data mining.
|
| 650 |
|
0 |
|a Artificial intelligence.
|
| 650 |
|
0 |
|a Computational intelligence.
|
| 650 |
1 |
4 |
|a Engineering.
|
| 650 |
2 |
4 |
|a Computational Intelligence.
|
| 650 |
2 |
4 |
|a Artificial Intelligence (incl. Robotics).
|
| 650 |
2 |
4 |
|a Data Mining and Knowledge Discovery.
|
| 700 |
1 |
|
|a Badica, Costin.
|e editor.
|
| 700 |
1 |
|
|a El Fallah Seghrouchni, Amal.
|e editor.
|
| 700 |
1 |
|
|a Beynier, Aurélie.
|e editor.
|
| 700 |
1 |
|
|a Camacho, David.
|e editor.
|
| 700 |
1 |
|
|a Herpson, Cédric.
|e editor.
|
| 700 |
1 |
|
|a Hindriks, Koen.
|e editor.
|
| 700 |
1 |
|
|a Novais, Paulo.
|e editor.
|
| 710 |
2 |
|
|a SpringerLink (Online service)
|
| 773 |
0 |
|
|t Springer eBooks
|
| 776 |
0 |
8 |
|i Printed edition:
|z 9783319488288
|
| 830 |
|
0 |
|a Studies in Computational Intelligence,
|x 1860-949X ;
|v 678
|
| 856 |
4 |
0 |
|u http://dx.doi.org/10.1007/978-3-319-48829-5
|z Full Text via HEAL-Link
|
| 912 |
|
|
|a ZDB-2-ENG
|
| 950 |
|
|
|a Engineering (Springer-11647)
|